De Geschiedenis van Liu-iu. (Record no. 5857)

MARC details
000 -LEADER
fixed length control field 00795cam a22002291 4500
001 - CONTROL NUMBER
control field af 48003977
003 - CONTROL NUMBER IDENTIFIER
control field DLC
005 - DATE AND TIME OF LATEST TRANSACTION
control field 20260227110905.0
008 - FIXED-LENGTH DATA ELEMENTS--GENERAL INFORMATION
fixed length control field 900205s1944 be 000 0 dut c
010 ## - LIBRARY OF CONGRESS CONTROL NUMBER
LC control number af 48003977
035 ## - SYSTEM CONTROL NUMBER
System control number (OCoLC)21003674
040 ## - CATALOGING SOURCE
Original cataloging agency California. Univ. Libr.
Transcribing agency CU
Modifying agency DLC
042 ## - AUTHENTICATION CODE
Authentication code premarc
050 00 - LIBRARY OF CONGRESS CALL NUMBER
Classification number PF117
Item number .G4
245 03 - TITLE STATEMENT
Title De Geschiedenis van Liu-iu.
260 ## - PUBLICATION, DISTRIBUTION, ETC.
Place of publication, distribution, etc. Antwerpen,
Name of publisher, distributor, etc. De Sikkel,
Date of publication, distribution, etc. 1944.
300 ## - PHYSICAL DESCRIPTION
Extent 44 p.
Dimensions 21 cm.
490 1# - SERIES STATEMENT
Series statement Lectuur in Basis-Nederlandsch,
Volume/sequential designation 5, voor minder gevorderden (A)
505 0# - FORMATTED CONTENTS NOTE
Formatted contents note De geschiedenis van Liu-iu (Chineesche bron)--Stomme Jan (Noorsche bron)--Wie is het sterkat? (Een negerlegende)--De prins en het tepijt (Armenische bron)
650 #0 - SUBJECT ADDED ENTRY--TOPICAL TERM
Topical term or geographic name entry element Basic Dutch
General subdivision Texts.
830 #0 - SERIES ADDED ENTRY--UNIFORM TITLE
Uniform title Lectuur in Basis-Nederlandsch ;
Volume/sequential designation 5.

No items available.

Powered by Koha